000 00479nam a2200169Ia 4500
008 240729s9999 xx 000 0 und d
022 _a0975-1025
245 0 _aIndian Journal of Fibre & Textile Research
260 _aIndia
260 _bCSIR-NIScPR
650 _a Chemical technology
650 _a Textile bleaching, dyeing, printing, etc.
650 _aTechnology
856 _uhttps://doaj.org/toc/a912abd872b94b3ca1349e4d5f4958ed
942 _2ddc
942 _cDOAJEJ
999 _c72874
_d72874
945 _a1
_bMadushi Gamage
_c1
_dMadushi Gamage